Schneier on security (Record no. 11426)

000 -LEADER
fixed length control field 00575cam a2200193 a 4500
020 ## - INTERNATIONAL STANDARD BOOK NUMBER
International Standard Book Number 9780470395356
040 ## - CATALOGING SOURCE
Original cataloging agency DLC
Transcribing agency DLC
Modifying agency DLC
082 00 - DEWEY DECIMAL CLASSIFICATION NUMBER
Classification number 005.80973
Edition number 22
100 1# - MAIN ENTRY--PERSONAL NAME
Personal name Schneier, Bruce,
245 10 - TITLE STATEMENT
Title Schneier on security
Statement of responsibility, etc. Bruce Schneier.
260 ## - PUBLICATION, DISTRIBUTION, ETC.
Place of publication, distribution, etc. Indianapolis, Ind. :
Name of publisher, distributor, etc. Wiley Pub.,
Date of publication, distribution, etc. 2008.
300 ## - PHYSICAL DESCRIPTION
Extent viii, 328 p. ;
Dimensions 24 cm.
504 ## - BIBLIOGRAPHY, ETC. NOTE
Bibliography, etc. note Includes bibliographical references (p. [267]-314) and index.
650 #0 - SUBJECT ADDED ENTRY--TOPICAL TERM
Topical term or geographic name entry element Computer security
650 #0 - SUBJECT ADDED ENTRY--TOPICAL TERM
Topical term or geographic name entry element Computer networks
General subdivision Security measures
650 #0 - SUBJECT ADDED ENTRY--TOPICAL TERM
Topical term or geographic name entry element Privacy, Right of
650 #0 - SUBJECT ADDED ENTRY--TOPICAL TERM
Topical term or geographic name entry element Terrorism
942 ## - ADDED ENTRY ELEMENTS (KOHA)
Source of classification or shelving scheme
Koha item type Book
Holdings
Withdrawn status Lost status Damaged status Not for loan Collection code Permanent Location Current Location Shelving location Date acquired Source of acquisition Cost, normal purchase price Total Checkouts Full call number Barcode Date last seen Price effective from Koha item type
          Central Library (CL) Central Library (CL) First Floor - Artificial Intelligence/Data Mining 11/12/2012 A&J DEF TEK Consultants 2255.01   005.80973 SCH SEECS011654 12/20/2012 01/05/2017 Book
          Central Library (CL) Central Library (CL) First Floor - Artificial Intelligence/Data Mining 11/12/2012 A&J DEF TEK Consultants 2255.01   005.80973 SCH SEECS011655 12/20/2012 01/05/2017 Book
          Central Library (CL) Central Library (CL) First Floor - Artificial Intelligence/Data Mining 11/12/2012 A&J DEF TEK Consultants 2255.01   005.80973 SCH SEECS011656 01/18/2021 01/05/2017 Book
© 2023 Central Library, National University of Sciences and Technology. All Rights Reserved.